The king and the serpents / (Record no. 23495)
[ view plain ]
| 000 -LEADER | |
|---|---|
| fixed length control field | 00498nam a22001937a 4500 |
| 001 - CONTROL NUMBER | |
| control field | 23495 |
| 003 - CONTROL NUMBER IDENTIFIER | |
| rucl marc code | BD-RjUL |
| 005 - DATE AND TIME OF LATEST TRANSACTION | |
| control field | 20211209000934.0 |
| 008 - FIXED-LENGTH DATA ELEMENTS--GENERAL INFORMATION | |
| fixed length control field | 140311b1985 B ||||| |||| 00| 0 eng d |
| 035 ## - SYSTEM CONTROL NUMBER | |
| System control number | (BD-RjUL)23560 |
| 040 ## - CATALOGING SOURCE | |
| Original cataloging agency | BD-RjUL |
| Language of cataloging | eng |
| Transcribing agency | BD-RjUL |
| 041 ## - LANGUAGE CODE | |
| Language code of text/sound track or separate title | eng |
| 082 ## - DEWEY DECIMAL CLASSIFICATION NUMBER | |
| Classification number | 891.443 |
| Author mark and year | OSK 1985 |
| 100 ## - MAIN ENTRY--PERSONAL NAME | |
| Personal name | Osman, shaukat |
| 9 (RLIN) | 70772 |
| 245 ## - TITLE STATEMENT | |
| Title | The king and the serpents / |
| Statement of responsibility, etc. | shaukat Osman |
| 260 ## - PUBLICATION, DISTRIBUTION, ETC. (IMPRINT) | |
| Place of publication, distribution, etc. | Dhaka : |
| Name of publisher, distributor, etc. | Bangla academy, |
| Date of publication, distribution, etc. | 1985 |
| 300 ## - PHYSICAL DESCRIPTION | |
| Pagination | 95 p. ; |
| Size | 28 cm. |
| 942 ## - ADDED ENTRY ELEMENTS (KOHA) | |
| Source of classification or shelving scheme | Dewey Decimal Classification |
| Koha item type | Books |
| Lost status | Source of classification or shelving scheme | Damaged status | Not for loan | Collection code | Permanent Location | Current Location | Shelving location | Date acquired | Source of acquisition | Cost, normal purchase price | Total Checkouts | Full call number | Date last seen | Copy number | Koha item type |
|---|---|---|---|---|---|---|---|---|---|---|---|---|---|---|---|
| Dewey Decimal Classification | Fiction | Central Library, University of Rajshahi | Central Library, University of Rajshahi | 26/06/1990 | R. U. Press | 75.00 | 891.443 OSK 1985 | 11/03/2014 | C-2 | Books |